| Tag |
First Indicator |
Second Indicator |
Subfields |
| LEADER |
00000cam a2200000 a 4500 |
| 001 |
in00002781906 |
| 005 |
20150922140016.0 |
| 008 |
870209s1988 dcua b f000 0 eng |
| 010 |
|
|
|a 87600023
|
| 035 |
|
|
|a (OCoLC)ocm15252329
|
| 035 |
|
|
|a (OCoLC)15252329
|
| 040 |
|
|
|a DLC
|b eng
|c DLC
|d GPO
|d AGL
|d OCLCQ
|d BTCTA
|d OCLCG
|d MTG
|d AST
|d UtOrBLW
|
| 043 |
|
|
|a n-us-co
|
| 049 |
|
|
|a TXAM
|
| 050 |
0 |
0 |
|a QE390.2.T45
|b A76 1988
|
| 070 |
0 |
|
|a 407
|b G29Pr no.1049-F
|
| 072 |
|
0 |
|a X400
|
| 074 |
|
|
|a 624
|
| 082 |
0 |
0 |
|a 553.4/93
|2 19
|
| 086 |
0 |
|
|a I 19.16:1049-F
|
| 100 |
1 |
|
|a Armbrustmacher, Theodore J.,
|d 1946-
|
| 245 |
1 |
0 |
|a Geology and resources of thorium and associated elements in the Wet Mountains area, Fremont and Custer counties, Colorado /
|c by Theodore J. Armbrustmacher.
|
| 264 |
|
1 |
|a Washington :
|b U.S. G.P.O. ;
|c 1988.
|
| 264 |
|
2 |
|a Denver, CO :
|b For sale by the Books and Open-File Reports Section, U.S. Geological Survey,
|
| 300 |
|
|
|a iv, 34 pages :
|b illustrations ;
|c 29 cm.
|
| 336 |
|
|
|a text
|b txt
|2 rdacontent
|
| 337 |
|
|
|a unmediated
|b n
|2 rdamedia
|
| 338 |
|
|
|a volume
|b nc
|2 rdacarrier
|
| 490 |
1 |
|
|a Geology and resources of thorium in the United States
|
| 490 |
1 |
|
|a U.S. Geological Survey professional paper ;
|v 1049-F
|
| 500 |
|
|
|a Spine title: Thorium and associated elements, Wet Mountains area, Colorado.
|
| 500 |
|
|
|a One folded map in pocket.
|
| 504 |
|
|
|a Includes bibliographical references (pages 33-34).
|
| 650 |
|
0 |
|a Thorium ores
|z Colorado
|z Wet Mountains Region.
|
| 650 |
|
0 |
|a Rare earths
|z Colorado
|z Wet Mountains Region.
|
| 650 |
|
0 |
|a Geology
|z Colorado
|z Wet Mountains Region.
|
| 650 |
|
0 |
|a Mines and mineral resources
|z Colorado
|z Wet Mountains Region.
|
| 710 |
2 |
|
|a Geological Survey (U.S.)
|
| 740 |
0 |
|
|a Thorium and associated elements, Wet Mountains area, Colorado.
|
| 830 |
|
0 |
|a Geology and resources of thorium in the United States.
|
| 830 |
|
0 |
|a Geological Survey professional paper ;
|v 1049-F.
|
| 948 |
|
|
|a cataloged
|b h
|c 2012/11/7
|d c
|e mvaldespin
|f 12:57:07 pm
|
| 994 |
|
|
|a C0
|b TXA
|
| 999 |
|
|
|a MARS
|
| 999 |
f |
f |
|s 41ae54b3-6ffa-3673-a7e6-52ad7fb5f0be
|i a2c3b856-6e9c-3f7a-b0a0-3d92bf4bd351
|t 0
|
| 952 |
f |
f |
|p normal
|a Texas A&M University
|b College Station
|c Sterling C. Evans Library
|d Evans: US Documents (Annex 5th floor)
|t 0
|e I 19.16:1049-F
|h Superintendent of Documents classification
|i unmediated -- volume
|m A14839365743
|
| 998 |
f |
f |
|a I 19.16:1049-F
|t 0
|l Evans: US Documents (Annex 5th floor)
|